Notas sobre aves de los Andes Orientales en Boyacá (Registro nro. 9887)

Detalles MARC
000 -CABECERA
Campo de control 005920000a22001810004500
090 ## - CLASIFICACIÓN LOCAL
Colección AR
Consecutivo 00797
041 0# - IDIOMA
Código de idioma para texto/pista de sonido o título separado
100 1# - ASIENTO PRINCIPAL--NOMBRE PERSONAL
Nombre personal Olivares, Antonio
245 10 - MENCION DE TITULO
Título Notas sobre aves de los Andes Orientales en Boyacá
500 ## - NOTA GENERAL
Nota general <Colección Aves>
650 14 - ASIENTO SECUNDARIO DE MATERIA - TERMINO TEMATICO
Término temático o nombre geográfico como elemento de entrada Avifauna
650 14 - ASIENTO SECUNDARIO DE MATERIA - TERMINO TEMATICO
Término temático o nombre geográfico como elemento de entrada Inventarios de aves
650 14 - ASIENTO SECUNDARIO DE MATERIA - TERMINO TEMATICO
Término temático o nombre geográfico como elemento de entrada Taxonomía animal
650 14 - ASIENTO SECUNDARIO DE MATERIA - TERMINO TEMATICO
Término temático o nombre geográfico como elemento de entrada Ornitología
651 #4 - ASIENTO SECUNDARIO DE MATERIA - NOMBRE GEOGRAFICO
-- Cordillera de los Andes
-- Boyacá
-- Colombia
773 1# - Item fuente:
Título Sociedad Venezolana de Ciencias Naturales Sección de Espeleología
Especificación de materiales 298
Paginas del Articulo 91-125
Lugar, editorial y fecha de publicación 1963?
942 ## - ELEMENTOS ADICIONALES (KOHA)
Tipo de ítem Artículo
Existencias
Withdrawn status Lost status Damaged status No para préstamo Colección Ubicación Permanente Ubicación actual Fecha de adquisición Datos de publicación Seriada Total Checkouts Número topográfico Inventario / Código de Barras Date last seen Ejemplar Price effective from Forma de adquisición Tipo de material
      No para Préstamo Hemeroteca Bogotá Bogotá 27/02/2015 Fuera de circulación   AR 00797 011118 25/03/2015 1 25/03/2015   Artículo